000 00389nam a2200157Ia 4500
008 230711s9999||||xx |||||||||||||| ||und||
041 _aENG
082 _a621.3815
_bGU-E
100 _aGupta J.B
245 0 _aElectronics devices and circuits
250 _a2nd Ed.
260 _c2009
_aNew Delhi
_bS.K Kataria & Sons
300 _a410p.
650 _aElectronics Engineering
942 _cBK
999 _c9874
_d9874